000 00621nam a22002057a 4500
003 OSt
005 20260617151020.0
008 260617b |||||||| |||| 00| 0 eng d
020 _a9781416607366
040 _cChuka University Library
050 _aLB 1033
_b.B6 2008
100 _aBrookhart, Susan M.
_929801
245 _aHow To Give Effective Feedback To Your Students
260 _aAlexandria
_bASCD
_c2008
300 _aVarious pages
_bIllustrated
650 _aTeacher student relationships
_927752
650 _acommunication in education
_928567
650 _afeedback[psychology]
_928568
942 _2lcc
_cBK
_n0
999 _c24592
_d24592